Development program : Basic infrastructures and logistics services

Uloženo v:
Podrobná bibliografie
Médium: Kniha
Jazyk:Undetermined
Vydáno: Ha Noi (Viet Nam) The Institute for Fisheries Economics and Planning 1996
Témata:
Tagy: Přidat tag
Žádné tagy, Buďte první, kdo otaguje tento záznam!
Thư viện lưu trữ: Trung tâm Học liệu Trường Đại học Cần Thơ
LEADER 00655nam a2200193Ia 4500
001 CTU_149726
008 210402s9999 xx 000 0 und d
082 |a 338.3 
082 |b D489b 
245 0 |a Development program : 
245 0 |b Basic infrastructures and logistics services 
245 4 |c The Institute for Fisheries Economics and Planning 
260 |a Ha Noi (Viet Nam) 
260 |b The Institute for Fisheries Economics and Planning 
260 |c 1996 
650 |a Aquaculture,Fisheries,Kinh tế thủy sản 
650 |x Economic aspects,Economic aspects 
904 |i Nguyên 
980 |a Trung tâm Học liệu Trường Đại học Cần Thơ